| 000 | 00655nam a2200205Ii 4500 | ||
|---|---|---|---|
| 003 | JO-AjNU | ||
| 008 | 230605s9999||||xx |||||||||||||| ||und|| | ||
| 040 |
_aJO-AjNU _bara _erda _cJO-AjNU |
||
| 041 | _aara | ||
| 050 | 1 | 4 | _aPJ7542.N3722 1998 |
| 100 | 3 |
_aناصيف،إيميل, _eauthor _911142 |
|
| 245 | 0 | 0 | _aأروع ما قيل في جمال المرأة |
| 250 | _aط1 | ||
| 264 | 3 | 1 | _aبيروت: دار الجيل، 1998 |
| 300 | _a150ص | ||
| 336 |
_atext _btxt _2rdacontent |
||
| 337 |
_aunmediated _bn _2rdamedia |
||
| 338 |
_avolume _bnc _2rdacarrier |
||
| 650 | 4 |
_aجمال المراة-اروع ما قيل في جمال المرأة _911143 |
|
| 999 |
_aA2170 _c5738 _d5738 |
||